| 000 | 00759nam a2200193 a 4500 | ||
|---|---|---|---|
| 001 | 000035484 | ||
| 005 | 20250526115843.0 | ||
| 008 | 111102s1970 sp 000 0 spa d | ||
| 040 |
_aDO-SdBNP _bspa _cBNPHU |
||
| 082 |
_axxxx _bM322e |
||
| 100 | 1 |
_aMarcuse, Herbert, _d1898-1979 _95128 |
|
| 240 | 1 | 0 |
_aEros and civilization: a philosophical inquiry into Freud _lespañol |
| 245 | 1 | 0 |
_aEros y civilización / _cHerbert Marcuse ; traducción de Juan García Ponce. |
| 260 |
_aBarcelona, España : _bSeix Barral, _c1970. |
||
| 300 |
_a253 p. ; _c19 cm. |
||
| 490 | 1 |
_aBiblioteca breve de bolsillo _aLibro de enlace _v17 |
|
| 534 |
_aTítulo original : _tEros and civilization: a philosophical inquiry into Freud |
||
| 830 | 0 |
_aBiblioteca breve de bolsillo _v17 _961362 |
|
| 999 |
_c34975 _d34975 |
||